[Event "Foxwoods Open 2008"]
[Site "Connecticut USA"]
[Date "2008.03.??"]
[Round "8"]
[White "Sarkar, Justin"]
[Black "Friedel, Joshua E"]
[Result "0-1"]
[WhiteElo "2430"]
[BlackElo "2531"]
[PlyCount "64"]
[EventDate "2008.03.19"]
[EventType "swiss"]
[EventRounds "9"]
[EventCountry "USA"]
[Source "lmi"]
[SourceDate "2008.03.19"]

1. d4 Nf6 2. c4 c5 3. d5 b5 4. Nf3 e6 5. Bg5 exd5 6. cxd5 d6 7. e4 a6 8. a4 Be7
9. Bxf6 Bxf6 10. axb5 Bxb2 11. Ra2 Bf6 12. Bd3 O-O 13. O-O Bb7 14. Nbd2 axb5
15. Rxa8 Bxa8 16. Bxb5 Nd7 17. Nc4 Nb6 18. Nfd2 Nxc4 19. Nxc4 Bd4 20. Kh1 f5
21. f3 Bb7 22. Qd3 Bc8 23. Rb1 fxe4 24. fxe4 Qf6 25. Nb6 Bg4 26. Rf1 c4 27.
Rxf6 cxd3 28. Rxf8+ Kxf8 29. Nc4 Bd1 30. e5 dxe5 31. d6 Bb3 32. g3 d2 0-1

[Event "Foxwoods Open 2008"]
[Site "Connecticut USA"]
[Date "2008.03.??"]
[Round "8"]
[White "Vigorito, David"]
[Black "Bonin, Jay"]
[Result "0-1"]
[WhiteElo "2479"]
[BlackElo "2385"]
[PlyCount "54"]
[EventDate "2008.03.19"]
[EventType "swiss"]
[EventRounds "9"]
[EventCountry "USA"]
[Source "lmi"]
[SourceDate "2008.03.19"]

1. d4 Nf6 2. c4 g6 3. Nc3 Bg7 4. e4 d6 5. f3 O-O 6. Be3 c5 7. d5 e6 8. Qd2 exd5
9. cxd5 Re8 10. Nge2 a6 11. a4 Nbd7 12. Nc1 Ne5 13. Be2 Bd7 14. O-O b5 15. axb5
axb5 16. Rxa8 Qxa8 17. Nxb5 Bxb5 18. Bxb5 Rb8 19. Be2 Ne8 20. b3 Nc7 21. f4 Nd7
22. Bf3 Qa3 23. e5 dxe5 24. d6 Ne6 25. Bc6 exf4 26. Bxf4 Bd4+ 27. Kh1 Qa6 0-1

[Event "Foxwoods Open 2008"]
[Site "Connecticut USA"]
[Date "2008.03.??"]
[Round "8"]
[White "Lenderman, Alex"]
[Black "Rodriguez, Eric"]
[Result "0-1"]
[WhiteElo "2536"]
[BlackElo "2232"]
[PlyCount "66"]
[EventDate "2008.03.19"]
[EventType "swiss"]
[EventRounds "9"]
[EventCountry "USA"]
[Source "lmi"]
[SourceDate "2008.03.19"]

1. e4 e5 2. Nf3 Nc6 3. Bb5 a6 4. Ba4 Nf6 5. d4 exd4 6. O-O Be7 7. e5 Ne4 8.
Nxd4 Nxd4 9. Qxd4 Nc5 10. Nc3 O-O 11. Be3 d6 12. Rad1 Be6 13. f4 Qc8 14. f5
Bxf5 15. Nd5 Bd8 16. exd6 cxd6 17. Bb3 Nxb3 18. cxb3 Be6 19. Rf3 Bxd5 20. Rg3
f6 21. Qxd5+ Kh8 22. Qxd6 Bc7 23. Qe7 Bxg3 24. Rd7 Rg8 25. hxg3 Qe8 26. Rxb7
Qxe7 27. Rxe7 Rge8 28. Rxe8+ Rxe8 29. Bd4 Re2 30. b4 Kg8 31. a4 Re4 32. Bc5 g5
33. Bf2 g4 0-1

[Event "Foxwoods Open 2008"]
[Site "Connecticut USA"]
[Date "2008.03.??"]
[Round "8"]
[White "Boor, Carl Brando"]
[Black "Waidyaratne, Kasun D"]
[Result "1-0"]
[WhiteElo "2337"]
[BlackElo "2186"]
[PlyCount "101"]
[EventDate "2008.03.19"]
[EventType "swiss"]
[EventRounds "9"]
[EventCountry "USA"]
[Source "lmi"]
[SourceDate "2008.03.19"]

1. d4 Nf6 2. c4 g6 3. Nc3 Bg7 4. e4 d6 5. Bd3 e5 6. d5 a5 7. Nge2 Na6 8. f3 h5
9. a3 Bd7 10. Rb1 Nc5 11. Bc2 O-O 12. b4 axb4 13. axb4 Na6 14. Bg5 Qe8 15. Ba4
Nh7 16. Bxd7 Qxd7 17. Be3 b6 18. O-O f5 19. Kh1 f4 20. Bf2 g5 21. Qa4 Qxa4 22.
Nxa4 Nb8 23. Ra1 Nd7 24. Nac3 Nhf6 25. Nb5 Rxa1 26. Rxa1 Rc8 27. Ra7 Ne8 28.
Nc1 Bf8 29. Nd3 Kf7 30. Kg1 Be7 31. Kf1 Bf8 32. Ke2 Be7 33. Kd2 Bf8 34. Kc3 Be7
35. Kb3 Bf8 36. Ra4 Nef6 37. Nc1 Be7 38. Ne2 Ke8 39. Nec3 Ng8 40. Ra7 Kd8 41.
Na4 Ngf6 42. Rb7 Ne8 43. Na7 Ra8 44. Nc3 Bf8 45. Ka4 Nef6 46. Kb5 Ne8 47. Na4
Nef6 48. c5 bxc5 49. bxc5 Ne8 50. c6 Ndf6 51. Nb6 1-0

[Event "Foxwoods Open 2008"]
[Site "Connecticut USA"]
[Date "2008.03.??"]
[Round "8"]
[White "Toolin, Christopher"]
[Black "Filipovich, David"]
[Result "0-1"]
[WhiteElo "2177"]
[BlackElo "2229"]
[PlyCount "56"]
[EventDate "2008.03.19"]
[EventType "swiss"]
[EventRounds "9"]
[EventCountry "USA"]
[Source "lmi"]
[SourceDate "2008.03.19"]

1. e4 c6 2. d4 d5 3. e5 Bf5 4. Nc3 a6 5. g4 Bd7 6. Be3 e6 7. Qd2 c5 8. dxc5 Nc6
9. f4 d4 10. Ne4 dxe3 11. Qxe3 Qh4+ 12. Kd2 Qxg4 13. Be2 Qh4 14. Nf3 Qd8 15.
Qb3 Qa5+ 16. c3 Bxc5 17. Rad1 Nh6 18. Kc1 O-O-O 19. Nfd2 Qb6 20. Nxc5 Qxc5 21.
Nc4 Na5 22. Nxa5 Qxa5 23. Rd6 Bc6 24. Rxc6+ bxc6 25. Qc4 Qb5 26. Qe4 Qd5 27.
Bxa6+ Kc7 28. Qb4 Qxh1+ 0-1

[Event "Foxwoods Open 2008"]
[Site "Connecticut USA"]
[Date "2008.03.23"]
[Round "9"]
[White "Bonin, Jay"]
[Black "Perelshteyn, Eugene"]
[Result "1/2-1/2"]
[WhiteElo "2385"]
[BlackElo "2615"]
[PlyCount "64"]
[EventDate "2008.03.19"]
[EventType "swiss"]
[EventRounds "9"]
[EventCountry "USA"]
[Source "lmi"]
[SourceDate "2008.03.19"]

1. d4 Nf6 2. Nf3 g6 3. Bg5 Bg7 4. Nbd2 O-O 5. c3 d6 6. e4 Nbd7 7. Bc4 c6 8. O-O
h6 9. Bh4 Qc7 10. Re1 Nb6 11. Bb3 Nh5 12. e5 d5 13. Bc2 Be6 14. Rc1 Rfe8 15.
Bb1 a5 16. h3 Bf8 17. Nh2 Ng7 18. g4 Bc8 19. f4 e6 20. Nhf1 Be7 21. Bg3 Qd8 22.
Ne3 Bd7 23. Rf1 c5 24. Nf3 Nc4 25. Nxc4 dxc4 26. d5 exd5 27. Qxd5 Be6 28. Qxd8
Raxd8 29. Be4 Bd5 30. Nd2 Bxe4 31. Nxe4 Rd3 32. Kg2 Re3 1/2-1/2

[Event "Foxwoods Open 2008"]
[Site "Connecticut USA"]
[Date "2008.03.23"]
[Round "9"]
[White "Stripunsky, Alexander"]
[Black "Hess, Robert L"]
[Result "0-1"]
[WhiteElo "2628"]
[BlackElo "2481"]
[PlyCount "156"]
[EventDate "2008.03.19"]
[EventType "swiss"]
[EventRounds "9"]
[EventCountry "USA"]
[Source "lmi"]
[SourceDate "2008.03.19"]

1. e4 e5 2. Nf3 Nc6 3. Bb5 a6 4. Bxc6 dxc6 5. O-O Qd6 6. a4 f6 7. Na3 Bg4 8.
Nc4 Qd7 9. Ne3 Be6 10. d4 exd4 11. Nxd4 Bf7 12. Nb3 O-O-O 13. Qe2 Nh6 14. Rd1
Bd6 15. Bd2 Rhe8 16. Nc4 Bxc4 17. Qxc4 Qg4 18. Bxh6 gxh6 19. Re1 f5 20. g3 fxe4
21. Re3 h5 22. Rae1 h4 23. Rxe4 hxg3 24. hxg3 Rxe4 25. Qxe4 Qg7 26. Kg2 Kb8 27.
Nd4 Qf6 28. Ne6 Rd7 29. b3 Re7 30. Re3 h5 31. Qc4 Rf7 32. Nf4 h4 33. Rf3 Qf5
34. Qe2 Re7 35. Qd3 Qg4 36. Nh3 hxg3 37. fxg3 Re8 38. Nf2 Qh5 39. Qf5 Qh6 40.
Qf6 Qc1 41. c4 Re1 42. Kh3 Re8 43. Kg2 Bc5 44. Qc3 Qb1 45. Qd3 Qe1 46. Qf5 Re5
47. Qf7 Re2 48. Qf5 Bd4 49. g4 c5 50. Qf8+ Ka7 51. Qf4 Rb2 52. g5 Rb1 53. Kh3
Qf1+ 54. Kh4 Qg2 55. Nh3 Rh1 56. Qg4 Qe2 57. Qf4 Qe7 58. Qf5 Re1 59. Kh5 Qe2
60. Kh4 Qe7 61. Nf4 Re5 62. Qf6 Qh7+ 63. Qh6 Qe4 64. Qh5 Re8 65. Kg4 Rh8 66.
Qg6 Rh4+ 67. Kxh4 Qxf3 68. Nd3 Bg1 69. a5 Bh2 70. Qf6 Qxd3 71. g6 Qg3+ 72. Kh5
Qe5+ 73. Qxe5 Bxe5 74. Kh6 b6 75. g7 Bxg7+ 76. Kxg7 bxa5 77. Kf6 Kb6 78. Ke6 a4
0-1

[Event "Foxwoods Open 2008"]
[Site "Connecticut USA"]
[Date "2008.03.23"]
[Round "9"]
[White "Sadvakasov, Darmen"]
[Black "Martinez, Marcel"]
[Result "1-0"]
[WhiteElo "2617"]
[BlackElo "2471"]
[PlyCount "83"]
[EventDate "2008.03.19"]
[EventType "swiss"]
[EventRounds "9"]
[EventCountry "USA"]
[Source "lmi"]
[SourceDate "2008.03.19"]

1. e4 e5 2. Nf3 Nc6 3. Bb5 a6 4. Ba4 Nf6 5. d3 b5 6. Bb3 Be7 7. O-O d6 8. c3
O-O 9. a4 Bg4 10. h3 Bxf3 11. Qxf3 Na5 12. Bc2 b4 13. Nd2 c5 14. Nb3 Rb8 15.
Qd1 c4 16. Nxa5 Qxa5 17. Bd2 d5 18. exd5 Qxd5 19. dxc4 Qxc4 20. b3 Qc7 21. c4
Bc5 22. Qf3 Nd7 23. Rad1 Rfd8 24. Bg5 f6 25. Bc1 Bd4 26. h4 Nf8 27. h5 Rb6 28.
g3 Rbd6 29. Kg2 Qc5 30. Rh1 a5 31. Rh4 R8d7 32. Be4 Kf7 33. Rg4 Ke8 34. Bd5 Ne6
35. Qf5 Qb6 36. Bxe6 Rxe6 37. Qxh7 g5 38. Qg8+ Ke7 39. h6 Kd6 40. h7 Qb7+ 41.
f3 Rxh7 42. Rgxd4+ 1-0

[Event "Foxwoods Open 2008"]
[Site "Connecticut USA"]
[Date "2008.03.23"]
[Round "9"]
[White "Arkell, Keith C"]
[Black "Paragua, Mark C"]
[Result "1/2-1/2"]
[WhiteElo "2563"]
[BlackElo "2489"]
[PlyCount "112"]
[EventDate "2008.03.19"]
[EventType "swiss"]
[EventRounds "9"]
[EventCountry "USA"]
[Source "lmi"]
[SourceDate "2008.03.19"]

1. d4 d5 2. c4 c6 3. Nf3 Nf6 4. Nc3 dxc4 5. a4 Bf5 6. Nh4 Be6 7. e4 g6 8. Nf3
Bg7 9. Ng5 Bg4 10. f3 Bc8 11. Bxc4 O-O 12. f4 b6 13. O-O e6 14. e5 Nd5 15. Nce4
Ba6 16. b3 b5 17. axb5 cxb5 18. Be2 Qb6 19. Qd2 b4 20. Bc4 h6 21. Nf3 Bb7 22.
Nc5 Rd8 23. Qd3 Nd7 24. Nxb7 Qxb7 25. Bd2 a5 26. Qe4 N7b6 27. Bb5 Nc8 28. Bd3
Nce7 29. g4 Qb6 30. Bc4 Ra7 31. Rfc1 Qc6 32. Qd3 Qa8 33. Bb5 Nc7 34. Ba4 Qd5
35. Rc4 Na8 36. Rac1 Nb6 37. Rc5 Qa8 38. Bb5 Bf8 39. Kf2 a4 40. bxa4 Nxa4 41.
R5c2 Nc3 42. Bxc3 Ra3 43. Bc4 Rc8 44. Nd2 Rxc3 45. Rxc3 bxc3 46. Rxc3 Rd8 47.
Nf3 Qa1 48. Rc2 Kg7 49. Kg3 Nc6 50. Rd2 Nxd4 51. Nxd4 Bc5 52. Nxe6+ fxe6 53.
Qe2 Qg1+ 54. Kh3 Rxd2 55. Qxd2 Qe3+ 56. Qxe3 Bxe3 1/2-1/2

[Event "Foxwoods Open 2008"]
[Site "Connecticut USA"]
[Date "2008.03.23"]
[Round "9"]
[White "Ippolito, Dean J"]
[Black "Hilton, Jonathan L"]
[Result "1-0"]
[WhiteElo "2495"]
[BlackElo "2192"]
[PlyCount "41"]
[EventDate "2008.03.19"]
[EventType "swiss"]
[EventRounds "9"]
[EventCountry "USA"]
[Source "lmi"]
[SourceDate "2008.03.19"]

1. d4 Nf6 2. c4 g6 3. Nf3 Bg7 4. g3 O-O 5. Bg2 c6 6. Nc3 d5 7. Qb3 e6 8. O-O b6
9. Rd1 Bb7 10. e4 dxc4 11. Qxc4 b5 12. Qe2 b4 13. Na4 Nfd7 14. Bf4 Qa5 15. Qc2
Na6 16. Nd2 Nb6 17. Nc5 Nxc5 18. dxc5 e5 19. Nb3 Qa4 20. Be3 Nc8 21. a3 1-0